000 00344nam a22001217a 4500
040 _cHS
082 _a333
100 _aលិ​​​ វុឌ្ឍី
245 _aWildlife : បច្ចេកទេសអង្កេតសត្វព្រៃ
260 _aRUA
_bលិ​​​ វុឌ្ឍី
_c2008
300 _a31p;
942 _cKB
999 _c10181
_d10181